Statistiques concernant Pokémon - Attaques de type Spectre

Cliquez ici pour prendre le quiz!

Statistiques générales

  • Ce quiz a été pris 937 fois
    (159 depuis la dernière actualisation)
  • Le résultat moyen est 14 sur 28

Statistiques - réponses

GénérationAttaque% Correct
2Ball'Ombre
94%
2Malédiction
83%
1Léchouille
82%
4Ombre Portée
76%
4Griffe Ombre
75%
1Ombre Nocturne
75%
4Revenant
67%
3Poing Ombre
65%
6Hantise
64%
1Onde Folie
58%
5Châtiment
53%
2Lien du Destin
52%
6Halloween
51%
7Clepto-Mânes
48%
2Dépit
46%
3Etonnement
46%
8Esprit Frappeur
42%
3Rancune
41%
7Rayon Spectral
37%
7Tisse Ombre
37%
4Vent Mauvais
36%
7Os'Ombre
33%
2Cauchemar
31%
9Hommage Posthume
28%
8Eclat Spectral
24%
8Coeur de Rancoeur
19%
8Cortège Funèbre
18%
9Poing de Colère
17%

Distribution des résultats

Percentile par nombre de réponses

% des personnes avec chaque résultat

Votre développement - résultats

Vous n’avez pas pris ce quiz depuis la dernière actualisation